| 000 | 00563nam a2200205Ii 4500 | ||
|---|---|---|---|
| 003 | JO-AjNU | ||
| 008 | 230606s9999||||xx |||||||||||||| ||und|| | ||
| 020 | _a978-142311199-3 | ||
| 040 |
_aJO-AjNU _beng _erda _cJO-AjNU |
||
| 041 | _aeng | ||
| 050 | 1 | 4 | _aPZ7.S8757 2009 |
| 100 | 3 |
_aStolaarz,lawue jaiua, _eauthor _92477 |
|
| 245 | 0 | 0 | _aDeadly Little lifs |
| 264 | 3 | 1 | _aNewyork :Hyprion ,2009 |
| 300 | _a282p | ||
| 336 |
_atext _btxt _2rdacontent |
||
| 337 |
_aunmediated _bn _2rdamedia |
||
| 338 |
_avolume _bnc _2rdacarrier |
||
| 650 | 4 |
_aNovel-American _92478 |
|
| 999 |
_aE1297 _c1297 _d1297 |
||